000 00682nam a2200229 a 4500
001 64253
003 BD-RjUL
005 20211209081303.0
008 170212s1982 ii b 001 0 eng d
035 _a(BD-RjUL)64383
040 _aBD-RjUL
_cBD-RjUL
_dBD-RjUL
_beng
041 _aeng
082 0 0 _a954.023
_223
_bBAS 1982
100 1 _aBanerjee, Anil Chandra.
_9190818
245 1 4 _aThe state and society in northern India, 1206-1526 /
_cAnil Chandra Banerjee.
260 _aCalcutta :
_bK.P. Bagchi,
_c1982.
300 _a378 p. ;
_c22 cm.
500 _a index.
504 _aIncludes bibliography and index.
651 0 _aIndia
_xHistory
_y1000-1526.
_9172228
942 _2ddc
_cBK
999 _c64253
_d64253